History Quiz

Random History or State Quiz

US Executive Departments Quiz Stats

Quiz Updated Oct 24, 2017

Challenge
Share
Tweet
Embed
Score 0/15 Timer 06:00
9 Plays Today
Date Created Department % Correct
1947Defense
88.8%
2002Homeland Security
87.1%
1789State
86.9%
1789Treasury
81.8%
1979Education
73.3%
1849Interior
71.5%
1889Agriculture
66.3%
1966Transportation
57.1%
Date Created Department % Correct
1870Justice
56.8%
1903Commerce
56.3%
1977Energy
51.3%
1953Health and Human Services
50.3%
1913Labor
47.1%
1965Housing and Urban Development
44.9%
1989Veterans Affairs
40.9%

You're not logged in!

Compare scores with friends on all Sporcle quizzes.
Join for Free
OR
Log In

You Might Also Like...

Show Comments

Extras

Top Quizzes Today


Score Distribution

Your Account Isn't Verified!

In order to create a playlist on Sporcle, you need to verify the email address you used during registration. Go to your Sporcle Settings to finish the process.

Report this User

Report this user for behavior that violates our Community Guidelines.

Details: